Wordt geladen...

Person Centred Counselling in Action

Bibliografische gegevens
Hoofdauteur: Mearns
Andere auteurs: Thorne
Formaat: Printed Book
Gepubliceerd in: London 2007
Editie:3rd.ed
LEADER 00360nam a22001337a 4500
100 |a Mearns  |9 42859 
245 |a Person Centred Counselling in Action 
250 |a 3rd.ed 
260 |a London  |c 2007 
300 |a 257p. 
700 |a Thorne  |9 42860 
942 |c BK 
999 |c 92917  |d 92917 
952 |0 0  |1 0  |4 0  |7 0  |9 85455  |a SBES  |b SBES  |d 2016-10-06  |l 0  |p GFATM130  |r 2016-10-06  |w 2016-10-06  |y BK